| 000 | 00965nam a22002537a 4500 | ||
|---|---|---|---|
| 005 | 20170123162321.0 | ||
| 010 | _aA-853773 | ||
| 020 |
_c150.00 _a8186232559 |
||
| 035 | _aA-842654 | ||
| 037 | _bCen Lib/Ret | ||
| 040 |
_aDPL _bUR |
||
| 082 |
_a841.08 _bم ظ ه |
||
| 100 |
_aامام عزم _9661 |
||
| 245 |
_aمظہر امام کی تخیقت کا تنقیدی مطالع / _cامام عزم |
||
| 246 |
_aMazhar Imam ki takheeqat ka tanqidi motalea / _bby Imam Azam |
||
| 260 |
_aنیی دہلی _bایجوکیشنل پبلشنگ ہاؤس _c1997 |
||
| 270 |
_bنیی دہلی _a٣١٠٨، گلی وکیل کوچہ پنڈت لال کوان _e110006 |
||
| 300 |
_a208p. _c21cm(Hb) |
||
| 650 |
_a ادب - اردو _9116912 |
||
| 650 |
_a اردو شاعری - ادبی تنقید _9116913 |
||
| 650 |
_aLiterature -- Urdu _9116914 |
||
| 650 |
_aUrdu poetry -- Literary criticism _9116915 |
||
| 942 |
_2ddc _cUR _h841.08 _mم ظ ه |
||
| 999 |
_c107067 _d107067 |
||